Tous les pokémon du Major Bob - Statistiques

Statistiques générales
  • Ce quiz a été pris 71 fois
  • Le résultat moyen est 11 sur 14
Statistiques - réponses
Hint Réponse % Correct
Rouge & Bleu & Jaune Raichu
100%
Pikachu
98%
Electrode
94%
Rouge & Bleu Voltorbe
94%
Or & Argent & Cristal Magnéton
91%
Elektek
87%
Let's Go Pikachu & Evoli Magnéti
87%
Elekable
75%
Magnézone
75%
Pharamp
66%
Noir2 & Blanc2 Voltali
66%
Lanturn
51%
Heartgold & Soulsilver Pachirisu
49%
Elecsprint
47%
Aucun quiz correspondant
Distribution des résultats
% des personnes avec chaque résultat
Percentile par nombre de réponses
Votre historique - résultats
Vous n’avez pas pris ce quiz